Použitie PID Regulátora pre riadenie sústavy zásobníkov kvapaliny

Na minha lista:
Detalhes bibliográficos
Autor principal: Štefánik, Matej
Formato: Software Livro
Idioma:eslovaco
Publicado em: Bratislava STU FCHPT 2012
Acesso em linha:View in OPAC
Tags: Adicionar Tag
Sem tags, seja o primeiro a adicionar uma tag!

MARC

LEADER 00000nam a2200000 a 4500
005 20260127134220.0
007 co ugu
008 120927 2012 xo 000 0 slo d
035 |a vtls010454108 
039 9 |y 201209271159  |z mschk03 
040 |a STUSCHK1  |b slo  |c STUSCHK1  |e AACR2 
100 1 |a Štefánik, Matej 
245 1 |a Použitie PID Regulátora pre riadenie sústavy zásobníkov kvapaliny  |c Matej Štefánik 
260 |a Bratislava  |b STU FCHPT  |c 2012 
300 |a 1 elektronický disk 
500 |a Obháj.: 9.7. 2012 
500 |a Študijný program: automatizácia, informatizácia a manažment v chémii a potravinárstve 
500 |a Študijný odbor: 5.2.14 automatizácia, 5.2.52 priemyselné inžinierstvo 
500 |a Bakalárska práca na CD-ROMe 
500 |a FCHPT, Oddelenie informatizácie a riadenia procesov 
500 |a Evidenčné číslo: 5415-58728 
910 |a SCHK95 
999 |c 6924  |d 6924